Statistics for Come and Get Your Love - Redbone (Lyrics)

Click here to take the quiz!

General Stats

  • This quiz has been taken 28 times
  • The average score is 223 of 285

Answer Stats

Answer% Correct
you
100%
a
95%
an-a
95%
And
95%
and
95%
come
95%
Come
95%
get
95%
Get
95%
your
95%
I
91%
love
91%
love,
91%
love
86%
Baby
82%
baby
82%
matter
82%
so
82%
the
82%
What's
82%
it,
77%
it
77%
you're
77%
divine
73%
with
73%
fine,
64%
now
64%
on
64%
find
59%
look
59%
mine,
55%
yeah
55%
feel
50%
oh
50%
if
45%
right
45%
take
45%
want
45%
head,
41%
head
41%
'Cause
36%
mind
36%
some,
36%
some
36%
like
32%
together
32%
Don't
27%
Hail
27%
Hail,
27%
(Hail)
27%
(hail)
27%
It's
27%
Nothin'
27%
sign
27%
all
23%
from
18%
Go
18%
main
18%
said
18%
vine,
14%
buisness
5%

Score Distribution

Percentile by Number Answered

Percent of People with Each Score

Your Score History

You have not taken this quiz